Premier League Club by Shirt Sponsor 23/24 - Statistics

General Stats
  • This quiz has been taken 46 times
  • The average score is 13 of 20
Answer Stats
Hint Answer % Correct
AIA Tottenham Hotspur
92%
Fly Emirates Arsenal
90%
Etihad Airways Manchester City
90%
Standard Chartered Liverpool
85%
American Express Brighton
82%
TeamViewer Manchester United
82%
Hollywood Bets Brentford
77%
Betway West Ham United
74%
Stake Everton
69%
Infinite Athlete Chelsea
64%
Cinch Crystal Palace
62%
Astropay Wolverhampton Wanderers
59%
Sela Newcastle United
56%
BK8 Aston Villa
54%
SBOTOP Fulham
49%
Kaiyun Sports Nottingham Forest
49%
W88 Burnley
46%
Utilita Luton Town
46%
CFI Sheffield United
44%
Dafabet Bournemouth
38%
No matching quizzes found
Score Distribution
Percent of People with Each Score
Percentile by Number Answered
Your Score History
You have not taken this quiz